Vista normal
Vista MARC
- Chang Vargas,Guiselle
Entrada Personal Name
Número de registros utilizados en: 1
001 - CONTROL NUMBER
- control field: 24023
003 - CONTROL NUMBER IDENTIFIER
- control field: OSt
005 - DATE AND TIME OF LATEST TRANSACTION
- control field: 20161003094424.0
008 - FIXED-LENGTH DATA ELEMENTS
- fixed length control field: 161003|| aca||aabn | a|a d
040 ## - CATALOGING SOURCE
- Original cataloging agency: OSt
- Transcribing agency: OSt
100 ## - HEADING--PERSONAL NAME
- Personal name: Chang Vargas,Guiselle
670 ## - SOURCE DATA FOUND
- Source citation: Work cat.: (OSt)2745: Chang Vargas,Guiselle, Patrimonio cultural: diversidad en nuestra creación y herencia, 2010